Conflicts of interest in the new property markets: initial guidance to members (Record no. 92248)

MARC details
000 -LEADER
fixed length control field 00674cam a2200253 4500
001 - CONTROL NUMBER
control field B2082
008 - FIXED-LENGTH DATA ELEMENTS--GENERAL INFORMATION
fixed length control field 090401t1988 xxu||||| |||| 00| 0 eng d
035 ## - SYSTEM CONTROL NUMBER
System control number (Sirsi) u47925
041 ## - LANGUAGE CODE
Language code of text/sound track or separate title eng
050 ## - LIBRARY OF CONGRESS CALL NUMBER
Classification number 332.6324
090 ## - LOCALLY ASSIGNED LC-TYPE CALL NUMBER (OCLC); LOCAL CALL NUMBER (RLIN)
Classification number (OCLC) (R) ; Classification number, CALL (RLIN) (NR) RICS 1988/43ABCD
110 ## - MAIN ENTRY--CORPORATE NAME
Corporate name or jurisdiction name as entry element Royal Institution of Chartered Surveyors
9 (RLIN) 4900
245 ## - TITLE STATEMENT
Title Conflicts of interest in the new property markets: initial guidance to members
260 ## - PUBLICATION, DISTRIBUTION, ETC.
Date of publication, distribution, etc. July 1988
300 ## - PHYSICAL DESCRIPTION
Extent 19p. ; 30cm.
350 ## - PRICE (NR) (BK AM CF MU VM SE) [OBSOLETE]
Price 2.5
650 ## - SUBJECT ADDED ENTRY--TOPICAL TERM
Topical term or geographic name entry element CONFLICT OF INTEREST
650 ## - SUBJECT ADDED ENTRY--TOPICAL TERM
Topical term or geographic name entry element FINANCIAL SERVICES ACT 1986
650 ## - SUBJECT ADDED ENTRY--TOPICAL TERM
Topical term or geographic name entry element GUIDANCE NOTES
650 ## - SUBJECT ADDED ENTRY--TOPICAL TERM
Topical term or geographic name entry element RICS
650 ## - SUBJECT ADDED ENTRY--TOPICAL TERM
Topical term or geographic name entry element UNITISATION
942 ## - ADDED ENTRY ELEMENTS (KOHA)
Suppress in OPAC 0
948 ## - LOCAL PROCESSING INFORMATION (OCLC); SERIES PART DESIGNATOR (RLIN)
c (OCLC) 04/03/1997
Holdings
Withdrawn status Lost status Source of classification or shelving scheme Damaged status Not for loan Home library Current library Shelving location Date acquired Cost, normal purchase price Total Checkouts Full call number Barcode Date last seen Date last checked out Copy number Cost, replacement price Price effective from Koha item type
    Dewey Decimal Classification     London London RICS Boxes 19/08/1991 2.50 1 RICS 1988/43 30021963 06/08/2019 07/09/2001 1 2.50 06/08/2019 Book
    Dewey Decimal Classification     London London RICS Boxes 19/08/1991 2.50 3 RICS 1988/43 30021967 06/08/2019 26/04/2004 2 2.50 06/08/2019 Book
    Dewey Decimal Classification     London London RICS Boxes 19/08/1991 2.50   RICS 1988/43 30021971 06/08/2019   3 2.50 06/08/2019 Book
    Dewey Decimal Classification     London London RICS Boxes 14/09/1999 2.50   RICS 1988/43 30032011 06/08/2019   4 2.50 06/08/2019 Archive